01086cam a22002171 450000100060000000300080000600500170001400800410003103500190007204000440009104100080013508200220014310000450016524501280021026000410033830000240037950400480040350503540045160000390080565000240084432371BD-RjUL20211209051826.0140426s1952 enk 001 0 eng d a(BD-RjUL)32460 aDLCcOClUdUkdOCoLCdDLCdBD-RjULbeng aeng00a199.492bKLS 19521 aKline, George L.q(George Louis),d1921-10aSpinoza in Soviet philosophy :ba series of essays /cselected and translated, and with an introduction by George L. Kline. aLondon :bRoutledge and Paul,c1952. avii, 190p. ;c22cm. aInclude index and Bibliography: p. 177-184.0 aSpinoza and Judaism, by D.Rakhmian.- Spinoza and materialism, by L.I.Akselrod (Ortodoks) - Spinoza's world-view, by A.M.Déborin.- Spinoza's substance and finite things, by V.K.Brushlinski.- Spinoza's ethical world-view, by S.Y.Volfson.- Spinoza and the state, by I.P.Razumovski.- The historical significance of Spinoza's philosophy, by I.K.Luppol.10aSpinoza, Benedictus de,d1632-1677 0aPhilosophy, Russian